Američania idú ťažiť ropu na východe! šéf firmy Slovákom sľubuje prácu a nezávislosť od Ruska

Bibliographic Details
Format: Article
Language:Slovak
PhysicalDescription:Fotogr., graf. 2 mapy
ISSN:1335-4655
Subjects:

MARC

LEADER 00000nab a2200000 ar4500
001 vtls010967034
003 SK-MaSNL
005 20260305041510.0
008 151019c20150527xo mr|p|||||||000 b|slo
038 |a SNSK 
040 |b slo  |c SNSK  |e AACR2 
041 |a slo 
044 |a xo  |c SK 
080 |a 665.61  |x (437.672)  |2 2001 
080 |a 622.324.5  |x (437.672)  |2 2001 
080 |a 622.279  |x (73)  |2 2001 
245 0 0 |a Američania idú ťažiť ropu na východe!  |b šéf firmy Slovákom sľubuje prácu a nezávislosť od Ruska  |c [autor] ee 
300 |b Fotogr., graf.  |e 2 mapy 
610 2 7 |a Alpine Oil and Gas (ťažobná spoločnosť USA)  |2 snsk  |9 1619102 
650 0 7 |a ťažba ropy  |2 snsk  |9 59762 
650 0 7 |a zemný plyn  |2 snsk  |9 29458 
651 7 |a Oľka (Slovensko)  |2 snsk  |9 30108 
651 7 |a Krivá Oľka (Oľka, Slovensko)  |2 snsk  |9 51151 
651 7 |a Bardejov (Slovensko : okres)  |2 snsk  |9 28620 
651 7 |a Medzilaborce (Slovensko)  |2 snsk  |9 22171 
773 0 |t Nový Čas  |g Roč. 25, č. 120 (27.5.2015), s. 2-3  |x 1335-4655 
852 |a SNSK  |b KIS3GCP 
999 |c 3343939  |d 3345869